| 000 | 00494nam a22001697a 4500 | ||
|---|---|---|---|
| 999 |
_c115587 _d115587 |
||
| 003 | OSt | ||
| 005 | 20190925165650.0 | ||
| 008 | 190925b2012 ||||| |||| 00| 0 eng | ||
| 020 | _a9780102981100 | ||
| 040 | _cNLSIU | ||
| 082 | _a342.0853 TLE | ||
| 245 | _aAn inquiry into the culture, practices and ethics of the press executive summary & recommendations | ||
| 260 |
_aLondon _bThe Leveson Enquiry _c2012 |
||
| 300 | _a46p | ||
| 650 |
_zEthics of press _zPress - public |
||
| 942 |
_2ddc _cREP |
||